000 01367nam a22003497a 4500
001 338
003 FISKH
005 20231211145725.0
008 230327b cb ||||| |||| 00| 0 eng d
020 _a9780590254779
040 _aDLC
_cDLC
_dDLC
_dFISKH
_beng
042 _alcac
050 0 0 _aPZ7.L58474
_bHo 1994
082 0 0 _a813
_220
100 1 _aLewis, C. S.
_q(Clive Staples),
_d1898-1963.
245 1 4 _aThe horse and his boy /
_cC.S. Lewis ; illustrated by Pauline Baynes.
250 _aFirst Scholastic printing, January 1995.
260 _aNew York :
_bScholastic.
_c1995.
300 _a224 pages :
_billustrations, map ;
_c20 cm.
490 1 _aThe Chronicles of Narnia ;
_vbook 3
505 _aU
520 _aA boy and a talking horse share an adventurous and dangerous journey to Narnia to warn of invading barbarians.
521 8 _a970
_bLexile
521 8 _aU
_bRaz-Plus
650 1 _aFantasy.
700 1 _aBaynes, Pauline,
_eillustrator
800 1 _aLewis, C. S.
_q(Clive Staples),
_d1898-1963.
_tChronicles of Narnia (HarperCollins (Firm)) ;
_vbook 3.
856 4 2 _3Publisher description
_uhttp://www.loc.gov/catdir/description/hc041/93014300.html
856 4 2 _3Contributor biographical information
_uhttp://www.loc.gov/catdir/enhancements/fy0911/93014300-b.html
906 _a7
_bcbc
_corignew
_d1
_eocip
_f19
_gy-gencatlg
942 _2ddc
_cBK
_n0
999 _c338
_d338